| 000 | 00630nam a2200205 i 4500 | ||
|---|---|---|---|
| 001 | 65042 | ||
| 003 | ES-MaACL | ||
| 005 | 20230906165303.0 | ||
| 007 | t| | ||
| 008 | 040108s1973 sp |||| | spa d | ||
| 100 | 1 |
_aFrankel, Víctor H. _952323 |
|
| 245 | 1 | 0 |
_aBiomecánica ortopédica / _cVíctor H. Frankel, Albert H. Burstein ; versión revisada por A. Jornet Cases. |
| 250 | _a1ª ed. | ||
| 260 |
_aBarcelona : _bJims, _c1973. |
||
| 300 |
_a198 p., 2 lám. : _bil. ; _c22 cm. |
||
| 650 | 4 |
_aOrtopedia. _9152852 |
|
| 700 | 1 |
_aBurstein, Albert H. _932780 |
|
| 700 | 1 |
_aJornet Cases, A. _966960 |
|
| 852 |
_aES-MaACL _jC-55604 |
||
| 999 |
_c65042 _d65042 |
||